000 00826nam a2200241 i 4500
001 143556
003 ES-MaACL
005 20251015063133.0
007 t|
008 070214s1968 sp |||| | spa d
100 1 _aServan-Schreiber, Jean-Jacques,
_d1924-2006
_9105855
245 1 3 _aEl despertar de Francia
_b: mayo-junio 1968 /
_cJean-Jacques Servan-Schreiber ; [traducción de Ángel Beltrán].
250 _a1ª ed.
260 _aBarcelona :
_bPlaza y Janés,
_c1968 (
_fGuada)
300 _a123 p. ;
_c19 cm.
490 1 _aTribuna
651 4 _aFrancia-
_xPolítica y gobierno-
_y1958-1969.
_98709
651 4 _aFrancia-
_xHistoria-
_y1968, Movimientos estudiantiles.
_9162957
700 1 _aBeltrán, Angel.
_927332
830 0 _aTribuna
_9181406
852 _aES-MaACL
_jC-34793
999 _c143556
_d143556